| 000 | 01009cam a2200361 4500500 | ||
|---|---|---|---|
| 005 | 20260329005105.0 | ||
| 041 | _afre | ||
| 042 | _adc | ||
| 100 | 1 | 0 |
_aRobert, Joséphine _eauthor |
| 245 | 0 | 0 | _aLaurie Shrage : “Rendre la pratique de l’avortement intelligible aux traditions religieuses et conservatrices” |
| 260 | _c2022. | ||
| 500 | _a16 | ||
| 690 | _aAmérique | ||
| 690 | _aAvortement | ||
| 690 | _aConsensus | ||
| 690 | _aConservatisme | ||
| 690 | _aDébat | ||
| 690 | _aDécision | ||
| 690 | _aDémocrates | ||
| 690 | _aDémocratie | ||
| 690 | _aÉtats-Unis | ||
| 690 | _aGrossesse | ||
| 690 | _aIVG | ||
| 690 | _aJustice | ||
| 690 | _aLoi | ||
| 690 | _aNaissance | ||
| 690 | _aReligion | ||
| 690 | _aRépublicains | ||
| 690 | _aTraditions | ||
| 690 | _aUSA | ||
| 786 | 0 | _nPhilosophie magazine | 160 | 6 | 2022-06-01 | p. 12-12 | 1951-1787 | |
| 856 | 4 | 1 | _uhttps://shs.cairn.info/magazine-philosophie-magazine-2022-6-page-12?lang=fr&redirect-ssocas=7080 |
| 999 |
_c1840195 _d1840195 |
||